[Event "Tradewise Gibraltar Masters 16th"]
[Site "Gibraltar"]
[Date "2018.01.24"]
[Round "2.26"]
[White "Venkatesh, Marani Rajendran"]
[Black "Huschenbeth, Niclas"]
[Result "1-0"]
[WhiteElo "2445"]
[BlackElo "2587"]
[PlyCount "59"]
[EventDate "2018.01.23"]
[EventType "swiss"]
[EventRounds "10"]
[EventCountry "GGB"]
[SourceTitle "BritBase"]
[Source "www.saund.co.uk"]
[SourceDate "2018.02.10"]
[SourceVersion "1"]
[SourceVersionDate "2018.02.10"]
[SourceQuality "1"]

1. e4 c5 2. c3 Nf6 3. e5 Nd5 4. Nf3 d6 5. Bc4 dxe5 6. Nxe5 e6 7. O-O Bd6 8. d4
O-O 9. Nd2 cxd4 10. cxd4 Qc7 11. Re1 Nc6 12. Nef3 Ncb4 13. a3 b5 14. Bxd5 Nxd5
15. Ne4 Bb7 16. Bd2 Rac8 17. Rc1 Qb6 18. Ne5 Rxc1 19. Bxc1 Qc7 20. Nxd6 Qxd6
21. Qb3 a6 22. Qg3 Rc8 23. Bh6 g6 24. h4 f6 25. h5 fxe5 26. hxg6 Qe7 27. Rxe5
Kh8 28. gxh7 Qf6 29. Rxe6 Qxd4 30. Re5 1-0

[Event "Tradewise Gibraltar Masters 16th"]
[Site "Gibraltar"]
[Date "2018.01.24"]
[Round "2.27"]
[White "Donchenko, Alexander"]
[Black "Zhukova, Natalia"]
[Result "1/2-1/2"]
[WhiteElo "2580"]
[BlackElo "2438"]
[PlyCount "60"]
[EventDate "2018.01.23"]
[EventType "swiss"]
[EventRounds "10"]
[EventCountry "GGB"]
[SourceTitle "BritBase"]
[Source "www.saund.co.uk"]
[SourceDate "2018.02.10"]
[SourceVersion "1"]
[SourceVersionDate "2018.02.10"]
[SourceQuality "1"]

1. d4 Nf6 2. c4 e6 3. g3 Bb4+ 4. Nd2 c5 5. a3 Bxd2+ 6. Qxd2 Nc6 7. dxc5 Ne4 8.
Qe3 Qa5+ 9. Bd2 Nxd2 10. Qxd2 Qxc5 11. Rc1 a5 12. Bg2 O-O 13. Nh3 a4 14. Nf4
Na5 15. Nd3 Qc7 16. Qf4 Qxf4 17. gxf4 d6 18. c5 d5 19. Ne5 Rd8 20. e3 g6 21.
Bf3 f6 22. Nd3 Bd7 23. h4 Bb5 24. Be2 Nb3 25. Rc2 Rac8 26. h5 Bxd3 27. Bxd3
Nxc5 28. Bb5 d4 29. hxg6 hxg6 30. O-O d3 1/2-1/2

[Event "Tradewise Gibraltar Masters 16th"]
[Site "Gibraltar"]
[Date "2018.01.24"]
[Round "2.28"]
[White "Docx, Stefan"]
[Black "Tregubov, Pavel V"]
[Result "1/2-1/2"]
[WhiteElo "2442"]
[BlackElo "2575"]
[PlyCount "27"]
[EventDate "2018.01.23"]
[EventType "swiss"]
[EventRounds "10"]
[EventCountry "GGB"]
[SourceTitle "BritBase"]
[Source "www.saund.co.uk"]
[SourceDate "2018.02.10"]
[SourceVersion "1"]
[SourceVersionDate "2018.02.10"]
[SourceQuality "1"]

1. d4 Nf6 2. c4 e6 3. Nc3 Bb4 4. Qc2 d5 5. a3 Bxc3+ 6. Qxc3 c5 7. dxc5 d4 8.
Qg3 Nc6 9. Qxg7 Rg8 10. Qh6 Rg6 11. Qh4 Rg4 12. Qh6 Rg6 13. Qh4 Rg4 14. Qh6
1/2-1/2

[Event "Tradewise Gibraltar Masters 16th"]
[Site "Gibraltar"]
[Date "2018.01.24"]
[Round "2.29"]
[White "Narayanan, SL."]
[Black "Tarjan, James"]
[Result "1-0"]
[WhiteElo "2573"]
[BlackElo "2432"]
[PlyCount "143"]
[EventDate "2018.01.23"]
[EventType "swiss"]
[EventRounds "10"]
[EventCountry "GGB"]
[SourceTitle "BritBase"]
[Source "www.saund.co.uk"]
[SourceDate "2018.02.10"]
[SourceVersion "1"]
[SourceVersionDate "2018.02.10"]
[SourceQuality "1"]

1. e4 e5 2. Nf3 Nc6 3. Nc3 Nf6 4. Bb5 Bb4 5. O-O O-O 6. d3 Bxc3 7. bxc3 d6 8.
Bg5 Qe7 9. Re1 a6 10. Bc4 Na5 11. Bb3 h6 12. Bh4 Nxb3 13. cxb3 g5 14. Bg3 Bg4
15. d4 Nd7 16. Qd3 Bxf3 17. Qxf3 Qe6 18. Rad1 f6 19. h4 a5 20. Qe2 a4 21. b4 a3
22. c4 Ra4 23. dxe5 dxe5 24. Qd3 Rf7 25. Qb3 Ra8 26. Rd3 Nb6 27. Rc1 Nc8 28. c5
Qxb3 29. Rxb3 Rd7 30. Rcc3 Ra4 31. Rxa3 Rxb4 32. Rd3 Rbd4 33. Rxd4 Rxd4 34. Ra8
Rd8 35. f3 Kf7 36. Rb8 Ke6 37. Rxb7 Rd1+ 38. Kh2 Kd7 39. Rb2 Ne7 40. Bf2 Ng6
41. hxg5 hxg5 42. Be3 Kc6 43. Kg3 Re1 44. Bf2 Rh1 45. Kg4 Ne7 46. Rd2 Rh2 47.
a4 Rh8 48. Ra2 Ra8 49. Be3 Ra6 50. a5 Kb5 51. Rd2 Nc6 52. Rd7 Nxa5 53. Rxc7 Nc4
54. Bf2 Ra2 55. Kg3 Nd2 56. Rb7+ Kc6 57. Rb6+ Kd7 58. Bg1 Ke7 59. Rb7+ Ke6 60.
c6 Rc2 61. c7 Kd7 62. Bb6 Nc4 63. c8=Q+ Kxc8 64. Rc7+ Kb8 65. Rc5 Kb7 66. Bd8
Rd2 67. Rc7+ Kb8 68. Rxc4 Rxd8 69. Rc6 g4 70. Kxg4 Rg8+ 71. Kf5 Rxg2 72. Rxf6
1-0

[Event "Tradewise Gibraltar Masters 16th"]
[Site "Gibraltar"]
[Date "2018.01.24"]
[Round "2.30"]
[White "Moussard, Jules"]
[Black "Wemmers, Xander"]
[Result "1-0"]
[WhiteElo "2571"]
[BlackElo "2430"]
[PlyCount "105"]
[EventDate "2018.01.23"]
[EventType "swiss"]
[EventRounds "10"]
[EventCountry "GGB"]
[SourceTitle "BritBase"]
[Source "www.saund.co.uk"]
[SourceDate "2018.02.10"]
[SourceVersion "1"]
[SourceVersionDate "2018.02.10"]
[SourceQuality "1"]

1. Nf3 Nf6 2. g3 b5 3. e3 a6 4. c4 bxc4 5. Qa4 e6 6. Bg2 Bb7 7. Na3 Bc6 8. Qxc4
Be7 9. Qc2 O-O 10. O-O a5 11. d3 Na6 12. Nc4 Qb8 13. Bd2 Nb4 14. Qb1 a4 15. Rc1
Rc8 16. e4 d5 17. Nce5 Be8 18. a3 Na6 19. Nc6 Bxc6 20. Rxc6 dxe4 21. dxe4 Bc5
22. e5 Nd5 23. Ng5 g6 24. Qc2 Bd4 25. Nf3 Bb6 26. Rc1 Qa7 27. Be1 Nb8 28. Rc4
Nd7 29. h4 c5 30. h5 Bc7 31. hxg6 hxg6 32. Bc3 Nxc3 33. Qxc3 Rab8 34. Re4 Rb3
35. Qd2 Rd8 36. Qh6 Rxf3 37. Bxf3 Bxe5 38. Kg2 Bg7 39. Qh4 Bf6 40. Rxa4 Qb6 41.
Qe4 Qxb2 42. Rb1 Qa2 43. Rd1 Nf8 44. Rxd8 Bxd8 45. Qc4 Qb2 46. Ra8 Be7 47. a4
Kg7 48. a5 Nd7 49. Ra7 Qd2 50. Qe2 Qd6 51. Qd1 Ne5 52. Qxd6 Bxd6 53. a6 1-0

[Event "Tradewise Gibraltar Masters 16th"]
[Site "Gibraltar"]
[Date "2018.01.24"]
[Round "2.31"]
[White "Gavrilescu, David"]
[Black "Muzychuk, Anna"]
[Result "1/2-1/2"]
[WhiteElo "2437"]
[BlackElo "2571"]
[PlyCount "73"]
[EventDate "2018.01.23"]
[EventType "swiss"]
[EventRounds "10"]
[EventCountry "GGB"]
[SourceTitle "BritBase"]
[Source "www.saund.co.uk"]
[SourceDate "2018.02.10"]
[SourceVersion "1"]
[SourceVersionDate "2018.02.10"]
[SourceQuality "1"]

1. e4 e5 2. Nf3 Nc6 3. Bc4 Bc5 4. c3 Nf6 5. d3 d6 6. Nbd2 a5 7. O-O O-O 8. h3
Ba7 9. Re1 Ne7 10. Bb3 Ng6 11. Nf1 h6 12. Ng3 Re8 13. d4 Bd7 14. Bc2 a4 15. Be3
b5 16. Qd2 c5 17. Nf5 exd4 18. cxd4 Bxf5 19. exf5 Nf8 20. dxc5 Bxc5 21. Rad1
Qb6 22. b4 axb3 23. Bxb3 N8d7 24. Bd4 Rad8 25. Qf4 d5 26. Bxc5 Rxe1+ 27. Rxe1
Nxc5 28. Qd4 Qd6 29. Rd1 Nxb3 30. axb3 Re8 31. Qd3 b4 32. Qb5 Qf4 33. Rxd5 Qc1+
34. Kh2 Qf4+ 35. Kg1 Qc1+ 36. Kh2 Qf4+ 37. Kg1 1/2-1/2

[Event "Tradewise Gibraltar Masters 16th"]
[Site "Gibraltar"]
[Date "2018.01.24"]
[Round "2.32"]
[White "Esipenko, Andrey"]
[Black "Gaehwiler, Gabriel"]
[Result "1-0"]
[WhiteElo "2571"]
[BlackElo "2428"]
[PlyCount "81"]
[EventDate "2018.01.23"]
[EventType "swiss"]
[EventRounds "10"]
[EventCountry "GGB"]
[SourceTitle "BritBase"]
[Source "www.saund.co.uk"]
[SourceDate "2018.02.10"]
[SourceVersion "1"]
[SourceVersionDate "2018.02.10"]
[SourceQuality "1"]

1. d4 Nf6 2. c4 e6 3. Nf3 d5 4. Nc3 c5 5. cxd5 Nxd5 6. e4 Nxc3 7. bxc3 cxd4 8.
cxd4 Bb4+ 9. Bd2 Bxd2+ 10. Qxd2 O-O 11. Bc4 Nc6 12. O-O b6 13. Rad1 Na5 14. Bd3
Bb7 15. h4 Rc8 16. h5 Qf6 17. e5 Qh6 18. Ng5 Qxh5 19. Bxh7+ Kh8 20. Be4 Bxe4
21. Nxe4 Qh4 22. Qe2 g6 23. Qf3 Kg7 24. Qf6+ Qxf6 25. exf6+ Kg8 26. g3 Rfd8 27.
Kg2 Nc6 28. Rh1 Rxd4 29. Rde1 Rd5 30. Rc1 a6 31. g4 Na7 32. Rb1 Rcd8 33. Rxb6
Nb5 34. Rxa6 Rd4 35. f3 Nc7 36. Rc6 Nd5 37. Kg3 Nb4 38. Rcc1 e5 39. Ng5 Rf4 40.
Ne4 Ra8 41. Rh2 1-0

[Event "Tradewise Gibraltar Masters 16th"]
[Site "Gibraltar"]
[Date "2018.01.24"]
[Round "2.33"]
[White "Swayams, Mishra"]
[Black "Grigoriants, Sergey"]
[Result "1/2-1/2"]
[WhiteElo "2432"]
[BlackElo "2568"]
[PlyCount "60"]
[EventDate "2018.01.23"]
[EventType "swiss"]
[EventRounds "10"]
[EventCountry "GGB"]
[SourceTitle "BritBase"]
[Source "www.saund.co.uk"]
[SourceDate "2018.02.10"]
[SourceVersion "1"]
[SourceVersionDate "2018.02.10"]
[SourceQuality "1"]

1. d4 Nf6 2. c4 e6 3. Nc3 Bb4 4. e3 O-O 5. Bd3 d5 6. cxd5 exd5 7. Nge2 Re8 8.
Bd2 Bf8 9. O-O b6 10. Rc1 c5 11. Nf4 Bb7 12. Qf3 a6 13. Rfd1 Ra7 14. Bb1 Bc6
15. Nce2 Rd7 16. Ng3 g6 17. Nd3 Bb7 18. Ne5 Rd6 19. Bc3 Rde6 20. Ne2 Bg7 21.
Nd3 R6e7 22. Ndf4 Rd7 23. Qh3 Qe7 24. dxc5 bxc5 25. Bc2 Red8 26. Ba5 Rc8 27.
Bc3 Rcd8 28. Ba5 Rc8 29. Bc3 Rcd8 30. Ba5 Rc8 1/2-1/2

[Event "Tradewise Gibraltar Masters 16th"]
[Site "Gibraltar"]
[Date "2018.01.24"]
[Round "2.34"]
[White "Huzman, Alexander"]
[Black "Vega Gutierrez, Sabrina"]
[Result "1/2-1/2"]
[WhiteElo "2561"]
[BlackElo "2427"]
[PlyCount "120"]
[EventDate "2018.01.23"]
[EventType "swiss"]
[EventRounds "10"]
[EventCountry "GGB"]
[SourceTitle "BritBase"]
[Source "www.saund.co.uk"]
[SourceDate "2018.02.10"]
[SourceVersion "1"]
[SourceVersionDate "2018.02.10"]
[SourceQuality "1"]

1. d4 d5 2. c4 e6 3. Nf3 c6 4. e3 Bd6 5. b3 f5 6. Bd3 Nf6 7. O-O Qe7 8. Bb2 O-O
9. Nc3 b6 10. Rc1 Ne4 11. Ne2 Bb7 12. Ne5 Nd7 13. Nf4 Rac8 14. Qe2 Bxe5 15.
dxe5 Nec5 16. Bb1 Na6 17. Rfd1 Nc7 18. Qf3 Rfd8 19. g4 fxg4 20. Qxg4 Nf8 21. a3
Ne8 22. cxd5 cxd5 23. b4 Bc6 24. h4 Ba4 25. Re1 Rc7 26. Rxc7 Nxc7 27. Kh2 Nb5
28. Rg1 Rd7 29. Nh5 Kh8 30. Bd3 Rc7 31. Rg3 a6 32. Qf4 Qf7 33. Qxf7 Rxf7 34. f4
Bd1 35. Nf6 gxf6 36. exf6 Nd6 37. Be5 Nf5 38. Bxf5 exf5 39. Rg7 Bh5 40. Rg5 Bg4
41. Rg7 Bh5 42. Rg5 h6 43. Rg1 Nd7 44. Rc1 Be2 45. Rc6 Bb5 46. Rd6 Kh7 47. Bd4
Rf8 48. Re6 Kg8 49. Kg3 Nb8 50. Rxb6 Nc6 51. Be5 Kf7 52. a4 Bxa4 53. Rxa6 Rg8+
54. Kf3 Bd1+ 55. Kf2 Nxb4 56. Ra7+ Kg6 57. Ke1 Bf3 58. f7 Rf8 59. Bd6 Rxf7 60.
Rxf7 Kxf7 1/2-1/2

[Event "Tradewise Gibraltar Masters 16th"]
[Site "Gibraltar"]
[Date "2018.01.24"]
[Round "2.35"]
[White "Peralta, Fernando"]
[Black "Pigott, John C"]
[Result "1-0"]
[WhiteElo "2559"]
[BlackElo "2418"]
[PlyCount "91"]
[EventDate "2018.01.23"]
[EventType "swiss"]
[EventRounds "10"]
[EventCountry "GGB"]
[SourceTitle "BritBase"]
[Source "www.saund.co.uk"]
[SourceDate "2018.02.10"]
[SourceVersion "1"]
[SourceVersionDate "2018.02.10"]
[SourceQuality "1"]

1. d4 Nf6 2. c4 e6 3. Nc3 Bb4 4. e3 O-O 5. Bd3 d5 6. cxd5 exd5 7. Nge2 Re8 8.
O-O b6 9. a3 Bd6 10. b4 c6 11. Ng3 Nbd7 12. Bd2 a5 13. b5 c5 14. Qf3 Bb7 15.
Nf5 Bf8 16. Qh3 Ne4 17. f3 Ng5 18. Qg3 f6 19. Nd6 Bxd6 20. Qxd6 Rc8 21. Bf5
cxd4 22. exd4 Nf8 23. Qxd8 Rcxd8 24. Bxg5 fxg5 25. Na4 Rd6 26. Rac1 Re7 27.
Rfe1 Rf7 28. Bh3 g6 29. Re8 h5 30. Nb2 Rf4 31. Nd3 Rxd4 32. Ne5 g4 33. fxg4 Re6
34. Rxe6 Nxe6 35. gxh5 Nc5 36. hxg6 Ra4 37. Nd7 Nxd7 38. Bxd7 Rc4 39. Rxc4 dxc4
40. Be6+ Kg7 41. Bxc4 Kxg6 42. Bd3+ Kg5 43. Kf2 Kf4 44. g3+ Ke5 45. Ke3 Bc8 46.
h4 1-0

[Event "Tradewise Gibraltar Masters 16th"]
[Site "Gibraltar"]
[Date "2018.01.24"]
[Round "2.36"]
[White "Ladron De Guevara Pinto, Paolo"]
[Black "Lagno, Kateryna"]
[Result "1/2-1/2"]
[WhiteElo "2427"]
[BlackElo "2556"]
[PlyCount "111"]
[EventDate "2018.01.23"]
[EventType "swiss"]
[EventRounds "10"]
[EventCountry "GGB"]
[SourceTitle "BritBase"]
[Source "www.saund.co.uk"]
[SourceDate "2018.02.10"]
[SourceVersion "1"]
[SourceVersionDate "2018.02.10"]
[SourceQuality "1"]

1. e4 d6 2. d4 g6 3. Be3 Bg7 4. Qd2 c5 5. Nc3 cxd4 6. Bxd4 Nf6 7. h3 Nc6 8. Be3
a6 9. Nf3 b5 10. Bd3 O-O 11. Bh6 Be6 12. Bxg7 Kxg7 13. O-O Qb6 14. Ne2 b4 15.
Kh1 d5 16. e5 Ne4 17. Bxe4 dxe4 18. Ng5 Bc4 19. b3 e3 20. Qe1 h6 21. Nf3 Bd5
22. Neg1 exf2 23. Rxf2 a5 24. Rd1 Rfd8 25. Rfd2 Qc5 26. Qg3 Be4 27. e6 fxe6 28.
Ne2 e5 29. Rxd8 Rxd8 30. Rxd8 Nxd8 31. Nxe5 Qxc2 32. Qe3 Qd1+ 33. Kh2 Qd5 34.
Ng4 Nf7 35. Ng3 h5 36. Qxe4 Qxe4 37. Nxe4 hxg4 38. hxg4 Nd6 39. Nc5 Kf6 40. Kg3
Ke5 41. Kh4 Kd5 42. Nd3 e5 43. Kg5 Kd4 44. Ne1 Kc3 45. Kxg6 Kb2 46. Kf6 Kxa2
47. Kxe5 Ne8 48. Kd4 Kxb3 49. g5 a4 50. Nd3 a3 51. Nc5+ Kb2 52. Nd3+ Kb3 53.
Nc5+ Kb2 54. Nd3+ Kb3 55. Nc5+ Kb2 56. Nd3+ 1/2-1/2

[Event "Tradewise Gibraltar Masters 16th"]
[Site "Gibraltar"]
[Date "2018.01.24"]
[Round "2.37"]
[White "Perez Ponsa, Federico"]
[Black "Keymer, Vincent"]
[Result "1-0"]
[WhiteElo "2553"]
[BlackElo "2408"]
[PlyCount "77"]
[EventDate "2018.01.23"]
[EventType "swiss"]
[EventRounds "10"]
[EventCountry "GGB"]
[SourceTitle "BritBase"]
[Source "www.saund.co.uk"]
[SourceDate "2018.02.10"]
[SourceVersion "1"]
[SourceVersionDate "2018.02.10"]
[SourceQuality "1"]

1. e4 c5 2. Nf3 e6 3. d4 cxd4 4. Nxd4 a6 5. c4 Nf6 6. Nc3 Qc7 7. Be2 Bb4 8. Nc2
Be7 9. f4 d6 10. Qd3 b6 11. O-O Nbd7 12. b4 Bb7 13. Bb2 O-O 14. a3 Rac8 15.
Rac1 Qb8 16. Qh3 h6 17. Bd3 Rfe8 18. Kh1 e5 19. Nd5 exf4 20. Rxf4 Bxd5 21. exd5
Ne5 22. Rcf1 b5 23. cxb5 axb5 24. Nd4 Nxd5 25. R4f2 Bh4 26. Qxh4 Nxd3 27. Rxf7
Rc7 28. Nf5 N5f4 29. Rxg7+ Rxg7 30. Nxh6+ Kh7 31. Nf5+ Kg8 32. Bxg7 Ng6 33. Qd4
Nde5 34. Qd5+ Kh7 35. Qd1 Kg8 36. Qb3+ Kh7 37. Bxe5 Nxe5 38. Qh3+ Kg8 39. Qg3+
1-0

[Event "Tradewise Gibraltar Masters 16th"]
[Site "Gibraltar"]
[Date "2018.01.24"]
[Round "2.38"]
[White "Sonis, Francesco"]
[Black "Pichot, Alan"]
[Result "1/2-1/2"]
[WhiteElo "2425"]
[BlackElo "2552"]
[PlyCount "91"]
[EventDate "2018.01.23"]
[EventType "swiss"]
[EventRounds "10"]
[EventCountry "GGB"]
[SourceTitle "BritBase"]
[Source "www.saund.co.uk"]
[SourceDate "2018.02.10"]
[SourceVersion "1"]
[SourceVersionDate "2018.02.10"]
[SourceQuality "1"]

1. e4 c5 2. Nf3 e6 3. d4 cxd4 4. Nxd4 Nf6 5. Nc3 d6 6. g4 e5 7. Bb5+ Bd7 8.
Bxd7+ Qxd7 9. Nf5 h5 10. gxh5 Nxh5 11. Ng3 g6 12. Nd5 Bg7 13. Qf3 Nc6 14. Be3
Nf4 15. O-O-O Nxd5 16. Rxd5 Nb4 17. Rd2 Qe6 18. c3 Rc8 19. Kd1 Nc6 20. Qe2 Qxa2
21. Qb5 O-O 22. Ke1 b6 23. Qe2 Qe6 24. h4 Na5 25. h5 Nc4 26. Rd5 Nxe3 27. Qxe3
Rc5 28. Qd3 Rxd5 29. exd5 Qg4 30. Ne4 Qg2 31. Ng3 e4 32. Qe3 Re8 33. hxg6 fxg6
34. Rh4 Qg1+ 35. Nf1 Qg2 36. Ng3 Qg1+ 37. Nf1 Re5 38. c4 Qg2 39. Ng3 Qg1+ 40.
Nf1 Qg5 41. Qxg5 Rxg5 42. b3 Re5 43. Ke2 Bf6 44. Rg4 Kf7 45. Nd2 e3 46. fxe3
1/2-1/2

[Event "Tradewise Gibraltar Masters 16th"]
[Site "Gibraltar"]
[Date "2018.01.24"]
[Round "2.39"]
[White "Deac, Bogdan-Daniel"]
[Black "Shachar, Ehud"]
[Result "1/2-1/2"]
[WhiteElo "2549"]
[BlackElo "2401"]
[PlyCount "172"]
[EventDate "2018.01.23"]
[EventType "swiss"]
[EventRounds "10"]
[EventCountry "GGB"]
[SourceTitle "BritBase"]
[Source "www.saund.co.uk"]
[SourceDate "2018.02.10"]
[SourceVersion "1"]
[SourceVersionDate "2018.02.10"]
[SourceQuality "1"]

1. d4 e6 2. Bf4 d5 3. e3 Nf6 4. Nf3 Be7 5. c4 O-O 6. Nc3 a6 7. cxd5 exd5 8. Bd3
b5 9. Qc2 Bb7 10. Ne2 Bb4+ 11. Kf1 Bd6 12. Bg5 h6 13. Bh4 Nbd7 14. Bf5 Qe8 15.
Rc1 Ne4 16. Bg3 Ndf6 17. Be5 Bc8 18. Bxc8 Rxc8 19. Bxf6 Nxf6 20. Qc6 Qe6 21. h4
b4 22. g3 Rb8 23. Kg2 Rb6 24. Qc2 Ne4 25. Qd3 Qf5 26. Rcd1 Re8 27. h5 Re6 28.
Nf4 Rf6 29. Rh4 c6 30. Qe2 a5 31. Rc1 a4 32. g4 Qd7 33. Nd3 Qe8 34. Nfe5 a3 35.
f3 Ng5 36. f4 Ne4 37. f5 Be7 38. Rhh1 Rd6 39. Nc5 Rb8 40. Nxe4 dxe4 41. Nc4 Rd5
42. bxa3 bxa3 43. Qc2 Bf8 44. Rb1 Rdb5 45. Rhc1 g6 46. Rxb5 Rxb5 47. Rf1 gxh5
48. Rf4 h4 49. Rxe4 Qb8 50. Rf4 Rb2 51. Nxb2 axb2 52. Qb1 c5 53. dxc5 Bxc5 54.
Rf3 Qe5 55. Qd3 Bd6 56. Rf4 Qc5 57. Rf2 Qc1 58. Rf1 h3+ 59. Kf3 h2 60. Kg2 Be5
61. Kh1 Qc6+ 62. e4 Qc1 63. a4 Qc5 64. f6 Bd6 65. a5 Qe5 66. a6 Bc5 67. Qc2 Kh7
68. Qc4 Kg8 69. Qd3 Bd4 70. Kg2 Qc5 71. Kxh2 Bxf6 72. Kg2 Bd4 73. Qb3 Qc7 74.
Qa4 Ba7 75. Qb3 Bd4 76. Qd1 Ba7 77. Qa4 Bb8 78. Qe8+ Kg7 79. Rxf7+ Qxf7 80.
Qxb8 Qa2 81. Qc7+ Kf6 82. Qd6+ Kf7 83. Qd7+ Kf6 84. Qd6+ Kf7 85. Qd7+ Kf6 86.
Qd6+ Kf7 1/2-1/2

[Event "Tradewise Gibraltar Masters 16th"]
[Site "Gibraltar"]
[Date "2018.01.24"]
[Round "2.40"]
[White "Kozak, Adam"]
[Black "Baron, Tal"]
[Result "1/2-1/2"]
[WhiteElo "2418"]
[BlackElo "2548"]
[PlyCount "50"]
[EventDate "2018.01.23"]
[EventType "swiss"]
[EventRounds "10"]
[EventCountry "GGB"]
[SourceTitle "BritBase"]
[Source "www.saund.co.uk"]
[SourceDate "2018.02.10"]
[SourceVersion "1"]
[SourceVersionDate "2018.02.10"]
[SourceQuality "1"]

1. Nf3 d5 2. d4 Nf6 3. c4 e6 4. Nc3 dxc4 5. e4 Bb4 6. Bg5 c5 7. Bxc4 cxd4 8.
Nxd4 Bxc3+ 9. bxc3 Qa5 10. Bxf6 Qxc3+ 11. Kf1 gxf6 12. Rc1 Qa5 13. Bb5+ Ke7 14.
e5 fxe5 15. Qh5 Nd7 16. Qg5+ Kf8 17. Rxc8+ Rxc8 18. Bxd7 Qd8 19. Nxe6+ fxe6 20.
Qh6+ Kf7 21. Qxe6+ Kf8 22. Qf5+ Ke7 23. Qe6+ Kf8 24. Qf5+ Ke7 25. Qe6+ Kf8
1/2-1/2

[Event "Tradewise Gibraltar Masters 16th"]
[Site "Gibraltar"]
[Date "2018.01.24"]
[Round "2.41"]
[White "Kaidanov, Gregory"]
[Black "Bakalchuk, Johnatan"]
[Result "1/2-1/2"]
[WhiteElo "2548"]
[BlackElo "2400"]
[PlyCount "111"]
[EventDate "2018.01.23"]
[EventType "swiss"]
[EventRounds "10"]
[EventCountry "GGB"]
[SourceTitle "BritBase"]
[Source "www.saund.co.uk"]
[SourceDate "2018.02.10"]
[SourceVersion "1"]
[SourceVersionDate "2018.02.10"]
[SourceQuality "1"]

1. e4 c5 2. Nf3 g6 3. c3 d5 4. exd5 Qxd5 5. d4 Bg7 6. Na3 cxd4 7. Nb5 Na6 8.
Be3 Nf6 9. Qxd4 O-O 10. Be2 Qf5 11. Qd2 Ne4 12. Qc1 Bd7 13. Nbd4 Qd5 14. O-O e5
15. Nb3 Bf5 16. Rd1 Qc6 17. Ne1 Nd6 18. Na5 Qa4 19. Rd5 Be4 20. Qd1 Qxd1 21.
Rdxd1 Nf5 22. Bf3 Bxf3 23. Nxf3 Nxe3 24. fxe3 e4 25. Nd4 Bh6 26. Kf2 Nc5 27.
Ke2 Nd3 28. Rd2 f5 29. g3 Rf7 30. Rf1 Ne5 31. Nc2 b6 32. Rd5 Re8 33. Nb3 Nd3
34. Rb1 g5 35. Nbd4 f4 36. Nf5 Bf8 37. Ncd4 fxe3 38. Kxe3 h5 39. h3 Kh7 40. b3
Bc5 41. b4 Bf8 42. a3 h4 43. Rg1 hxg3 44. Nd6 Bxd6 45. Rxd6 Nb2 46. Re6 Rxe6
47. Nxe6 Rf3+ 48. Kxe4 Rxc3 49. Nxg5+ Kh6 50. Nf3 Rxa3 51. Rxg3 Rb3 52. Kf5 Nc4
53. Rg6+ Kh5 54. Rg5+ Kh6 55. Rg6+ Kh5 56. Rg5+ 1/2-1/2

[Event "Tradewise Gibraltar Masters 16th"]
[Site "Gibraltar"]
[Date "2018.01.24"]
[Round "2.42"]
[White "Wallace, John Paul"]
[Black "Moroni, Luca Jr"]
[Result "0-1"]
[WhiteElo "2415"]
[BlackElo "2547"]
[PlyCount "66"]
[EventDate "2018.01.23"]
[EventType "swiss"]
[EventRounds "10"]
[EventCountry "GGB"]
[SourceTitle "BritBase"]
[Source "www.saund.co.uk"]
[SourceDate "2018.02.10"]
[SourceVersion "1"]
[SourceVersionDate "2018.02.10"]
[SourceQuality "1"]

1. Nf3 d5 2. g3 Nf6 3. Bg2 e6 4. O-O b5 5. d3 Bb7 6. c4 c6 7. Nc3 bxc4 8. dxc4
Nbd7 9. e4 Nb6 10. e5 Nfd7 11. cxd5 cxd5 12. Bf4 Be7 13. h4 O-O 14. Re1 Rc8 15.
Rc1 Ba6 16. b3 Ba3 17. Rc2 Bb4 18. Re3 Rc7 19. Ne2 Qc8 20. Ned4 Nc5 21. Bh3 Re8
22. h5 h6 23. g4 Ne4 24. g5 Rxc2 25. Nxc2 Bc5 26. Ncd4 hxg5 27. Nxg5 Bxd4 28.
Qxd4 Qc1+ 29. Kh2 Nxf2 30. Rf3 Qh1+ 31. Kg3 Qg1+ 32. Kh4 Nxh3 33. Be3 Nxg5 0-1

[Event "Tradewise Gibraltar Masters 16th"]
[Site "Gibraltar"]
[Date "2018.01.24"]
[Round "2.43"]
[White "Lalith, Babu M R"]
[Black "Batchimeg, Tuvshintugs"]
[Result "1-0"]
[WhiteElo "2542"]
[BlackElo "2398"]
[PlyCount "75"]
[EventDate "2018.01.23"]
[EventType "swiss"]
[EventRounds "10"]
[EventCountry "GGB"]
[SourceTitle "BritBase"]
[Source "www.saund.co.uk"]
[SourceDate "2018.02.10"]
[SourceVersion "1"]
[SourceVersionDate "2018.02.10"]
[SourceQuality "1"]

1. c4 Nf6 2. Nc3 g6 3. g3 Bg7 4. Bg2 O-O 5. e4 d6 6. Nge2 c5 7. O-O Nc6 8. d3
a6 9. Bg5 Rb8 10. Qd2 b5 11. Rab1 Bd7 12. b3 Re8 13. h3 Qc8 14. Kh2 bxc4 15.
dxc4 Nd4 16. Nxd4 cxd4 17. Bxf6 Bxf6 18. Nd5 Bg7 19. Rfc1 e6 20. Nb4 Qb7 21.
Nd3 Bc6 22. c5 dxc5 23. Nxc5 Qb6 24. b4 Red8 25. Bf1 d3 26. Bxd3 Bb5 27. Rb3
Rd4 28. Qe3 Bxd3 29. Nxd3 Rbd8 30. a4 Bf8 31. Ne5 R4d6 32. Qf4 Qb7 33. Rbc3 f5
34. Rc7 Qb6 35. a5 Qd4 36. Nc6 e5 37. Qf3 Rxc6 38. R1xc6 1-0

[Event "Tradewise Gibraltar Masters 16th"]
[Site "Gibraltar"]
[Date "2018.01.24"]
[Round "2.44"]
[White "Melia, Salome"]
[Black "Muzychuk, Mariya"]
[Result "0-1"]
[WhiteElo "2404"]
[BlackElo "2540"]
[PlyCount "114"]
[EventDate "2018.01.23"]
[EventType "swiss"]
[EventRounds "10"]
[EventCountry "GGB"]
[SourceTitle "BritBase"]
[Source "www.saund.co.uk"]
[SourceDate "2018.02.10"]
[SourceVersion "1"]
[SourceVersionDate "2018.02.10"]
[SourceQuality "1"]

1. e4 e5 2. Nf3 Nc6 3. Bc4 Nf6 4. d3 Bc5 5. O-O d6 6. c3 h6 7. Re1 O-O 8. h3 a5
9. d4 Ba7 10. Bb3 Re8 11. Bc2 Bd7 12. a3 a4 13. Be3 b5 14. Nbd2 Na5 15. Kh2 Qb8
16. Nh4 c5 17. d5 Qd8 18. g3 c4 19. Nf1 Nb3 20. Rb1 Nc5 21. f3 Bc8 22. Ng2 Nfd7
23. g4 Nb3 24. Ng3 Bxe3 25. Rxe3 g6 26. Qe1 Kg7 27. Qf2 Nf6 28. Rf1 Qe7 29. Re2
Rh8 30. Kg1 h5 31. g5 Nh7 32. h4 f6 33. f4 fxg5 34. fxg5 Rf8 35. Qe3 Rxf1+ 36.
Kxf1 Bg4 37. Rf2 Rf8 38. Bxb3 axb3 39. Rxf8 Nxf8 40. Qf2 Nd7 41. Ne3 Nc5 42.
Kg2 Nd3 43. Qd2 Qf7 44. a4 bxa4 45. Nxc4 Qf3+ 46. Kh2 Nf2 47. Qe1 Bh3 48. Qg1
Bd7 49. Qe1 Ng4+ 50. Kg1 Bb5 51. Nd2 Qe3+ 52. Qxe3 Nxe3 53. Nb1 Bd3 54. Nd2 Nc4
55. Ngf1 Bxf1 56. Nxf1 a3 57. bxa3 b2 0-1